000 00614nam a2200229Ia 4500
003 OSt
005 20220918231059.0
006 a|||||r|||| 00| 0
007 ta
008 220917b |||||||| |||| 00| 0 eng d
024 _a262,976
037 _cTextual
040 _aARTS
_cARTS
_beng
041 _2eng
_aeng
082 _aNA56,N80,6L4, L7
100 _aHudson Kenneth
_93322
245 0 _aMuseums for the 1980s
_b A survey of world trends
260 _aParis
_bUNESCO
_c1977
650 _aARTS
942 _hNA56,N80,6L4, L7
_cTEXL
_2CC
999 _c289789
_d289789